US States Capitals - Statistics

General Stats
  • This quiz has been taken 54 times
  • The average score is 38 of 50
Answers on the Map
Answers color-coded by a green-red scale on the quiz's map according to % correct below.
 
Answer Stats
Answer % Correct
Sacramento
96%
Atlanta
92%
Austin
92%
Boston
92%
Denver
92%
Phoenix
92%
Albany
88%
Honolulu
88%
Salt Lake CIty
88%
Tallahassee
88%
Baton Rouge
84%
Des Moines
84%
Juneau
84%
Montgomery
84%
Nashville
84%
Boise
80%
Oklahoma City
80%
Providence
80%
Springfield
80%
Annapolis
76%
Augusta
76%
Columbus
76%
Hartford
76%
Helena
76%
Jackson
76%
Little Rock
76%
Madison
76%
Bismarck
72%
Carson City
72%
Charleston
72%
Dover
72%
Montpelier
72%
Raleigh
72%
Salem
72%
Santa Fe
72%
Columbia
68%
Frankfort
68%
Harrisburg
68%
Jefferson City
68%
Lansing
68%
Saint Paul
68%
Topeka
68%
Cheyenne
64%
Concord
64%
Olympia
64%
Pierre
64%
Trenton
64%
Lincoln
60%
Richmond
60%
Indiannapolis
28%
No matching quizzes found
Score Distribution
Percent of People with Each Score
Percentile by Number Answered
Your Score History
You have not taken this quiz